| 000 | 00511nam a2200193Ia 4500 | ||
|---|---|---|---|
| 999 |
_c6049 _d6049 |
||
| 020 | _a8173046735 | ||
| 082 | _a306.6 ASS- | ||
| 245 | 0 | _aAssertive religious identities: India and Europe | |
| 260 |
_aNew Delhi _bManohar Publishers _c2006 |
||
| 300 | _a480 | ||
| 504 | _aincludes index | ||
| 650 |
_aReligion and politics _zIndia |
||
| 650 |
_aReligion and sociology _zIndia |
||
| 650 |
_aHinduism _zIndia |
||
| 650 |
_aIslam _zIndia |
||
| 700 | _aHasan, Mushirul | ||
| 700 | _aSaberwal, Satish | ||
| 942 | _cBK | ||